Counties of Indiana Quiz Stats

 Plays Quiz not verified by Sporcle

Support Sporcle.
Go Orange.
Score 0/92 Timer 15:00
0 Plays Today
% Correct
Adams
88.7%
Allen
88.7%
Marion
87.5%
Lake
82.5%
Monroe
82.5%
Brown
81.8%
Washington
81.1%
Madison
78.2%
Jefferson
77.7%
Jackson
77.2%
Hamilton
76.3%
Boone
76%
Bartholomew
75.1%
Greene
74.1%
Johnson
73.9%
Clark
73.4%
Harrison
73.1%
Clay
72.4%
Cass
71.5%
Franklin
71.5%
Delaware
71%
Grant
71%
Vigo
70%
White
70%
Hancock
69.5%
Elkhart
69.3%
Jasper
69.1%
Tippecanoe
68.3%
Blackford
67.9%
Vanderburgh
67.9%
Wabash
67.9%
% Correct
St. Joseph
67.4%
Ohio
67.1%
Carroll
65.9%
Porter
65.5%
Benton
65.2%
Wayne
64.7%
LaPorte
64.5%
Vermillion
64.5%
Clinton
64%
Orange
64%
Crawford
63.8%
Dubois
63.8%
Henry
63.8%
Hendricks
63.5%
Fayette
63.1%
Switzerland
63.1%
Howard
62.8%
Knox
62.8%
Warren
62.8%
Jay
61.4%
Floyd
60.9%
DeKalb
60.7%
Putnam
60.7%
Kosciusko
60.4%
Daviess
60%
Morgan
59.5%
Fulton
59.2%
LaGrange
59%
Newton
59%
Steuben
59%
Whitley
59%
% Correct
Union
58.8%
Posey
58.5%
Dearborn
58.3%
Shelby
58.3%
Lawrence
58%
Marshall
58%
Montgomery
57.8%
Starke
57.8%
Parke
57.6%
Tipton
57.6%
Pike
57.1%
Huntington
56.8%
Miami
56.4%
Jennings
56.1%
Perry
56.1%
Decatur
55.9%
Gibson
55.9%
Randolph
55.6%
Scott
55.4%
Martin
54.9%
Fountain
54.7%
Noble
54%
Sullivan
54%
Warrick
53.5%
Pulaski
53.2%
Wells
53.2%
Rush
53%
Owen
52.8%
Ripley
50.8%
Spencer
49.2%

You're not logged in!

Compare scores with friends on all Sporcle quizzes.
OR
Log In

From the Vault

Which Show? Workplace Sitcoms

by mhershfield

'You need to play to win. But you also need to win to play.' - Michael Scott
Remove Ads.
Support Sporcle.
Get the best of Sporcle when you Go Orange. This ad-free experience offers more features, more stats, and more fun while also helping to support Sporcle. Thank you for becoming a member.

Show Comments

Extras

Created Sep 28, 2009ReportNominate
Tags:counties, Indiana

Top Quizzes Today


Score Distribution

Your Account Isn't Verified!

In order to create a playlist on Sporcle, you need to verify the email address you used during registration. Go to your Sporcle Settings to finish the process.

Report this User

Report this user for behavior that violates our Community Guidelines.

Details: